Homenaje a José Antonio García-Trevijano Fos
Guardat en:
| Format: | Llibre |
|---|---|
| Idioma: | espanyol |
| Publicat: |
Madrid
Colegio Universitario de Estudios Financieros. Instituto de Estudios de Administración Local
1982
|
| Matèries: | |
| Etiquetes: |
Afegir etiqueta
Sense etiquetes, Sigues el primer a etiquetar aquest registre!
|
MARC
| LEADER | 00000nam a2200000 a 4500 | ||
|---|---|---|---|
| 001 | UCS0405 | ||
| 003 | CL-VaPUC | ||
| 008 | 970426e19820000SP |||||||||||||||||spa|d | ||
| 082 | 0 | 4 | |a 342.009 |b HOM |2 21 |
| 245 | 1 | 0 | |a Homenaje a José Antonio García-Trevijano Fos |
| 300 | |a 931 p | ||
| 942 | |c BK | ||
| 945 | |d 19970426 00:00:00 |a cmena | ||
| 260 | |a Madrid |b Colegio Universitario de Estudios Financieros. Instituto de Estudios de Administración Local |c 1982 | ||
| 600 | 0 | 7 | |a GARCIA-TREVIJANO FOS, JOSE ANTONIO |2 CL-VaPUC |9 383823 |
| 650 | 0 | |a Derecho administrativo |9 254851 | |
| 650 | 0 | |a Administración pública |9 255343 | |
| 650 | 7 | |a DERECHO LABORAL |2 CL-VaPUC |9 15 | |
| 650 | 0 | |a Derecho constitucional |9 222588 | |
| 650 | 0 | |a Urbanismo |9 255208 | |
| 651 | 0 | |a España |9 254926 | |
| 583 | |a last modification |c 20170711 04:38:13 |k Rodrigo Vera | ||
| 999 | |c 258634 |d 258632 | ||
| 952 | |0 0 |1 0 |4 0 |6 342_009000000000000_HOM_1982 |7 0 |8 A |9 282883 |a BIBDER |b BIBDER |d 2019-11-19 |i 1837028 |o 342.009 HOM 1982 |p 1837028 |r 2023-01-25 |w 2019-11-19 |y BK |k DER | ||